Polskie Miasta w Różnych Językach - Statystyki

Ogólne statystyki
  • Ten quiz został rozwiązany 133 razy
  • Średni wynik to 4 z 9
Statystyki odpowiedzi
Miasto po X języku Miasto w polsce % Poprawnych
Cracovie Kraków
98%
Breslau Wrocław
78%
Варшава Warszawa
70%
Познань Poznań
60%
Brzesko Brzesko
58%
슈체친 Szczecin
26%
卡托維茲 Katowice
25%
रेज़ज़ो Rzeszów
17%
チェンストホバ Częstochowa
15%
Nie znaleziono quizów pasujących do podanych kryteriów
Rozkład punktacji
Procent ludzi z każdym wynikiem
Percentyl według liczby udzielonych odpowiedzi
Twoja historia wyników
Nie rozwiązałeś tego quizu